Statystyki dla Kadra Walii na mundial 2022

Kliknij tutaj aby rozwiązać quiz!

Ogólne statystyki

  • Ten quiz został rozwiązany 24 razy
    (7 od ostatniego zresetowania)
  • Średni wynik to 13 z 26

Statystyki odpowiedzi

PozycjaZawodnik% Poprawnych
PomocnikAaron Ramsey
80%
BramkarzAdam Davies
80%
ObrońcaBen Davies
80%
NapastnikDaniel James
80%
NapastnikGareth Bale
80%
NapastnikKieffer Moore
80%
BramkarzWayne Hennessey
80%
NapastnikBrennan Johnson
60%
ObrońcaConnor Roberts
60%
BramkarzDanny Ward
60%
ObrońcaEthan Ampadu
60%
PomocnikJoe Allen
60%
PomocnikJonny Williams
60%
ObrońcaNeco Williams
60%
ObrońcaBen Cabango
40%
ObrońcaChris Gunter
40%
ObrońcaChris Mepham
40%
PomocnikHarry Wilson
40%
PomocnikDylan Levitt
20%
PomocnikJoe Morell
20%
ObrońcaJoe Rodon
20%
NapastnikMark Harris
20%
PomocnikMatthew Smith
20%
PomocnikRubin Colwill
20%
PomocnikSorba Thomas
20%
ObrońcaTom Lockyer
20%

Rozkład punktacji

Percentyl według liczby udzielonych odpowiedzi

Procent ludzi z każdym wynikiem

Twoja historia wyników

Nie rozwiązałeś tego quizu od ostatniego zresetowania